000 00697nam a2200241Ia 4500
003 OSt
005 20220928112447.0
006 a|||||r|||| 00| 0
007 ta
008 220927b |||||||| |||| 00| 0 eng d
024 _a27456
037 _cTextual
040 _aSDCL
_cSDCL
_beng
041 _2eng
_aeng
082 _aG:68, N8
100 _aSimons Robert W Ed.
_9428152
245 0 _aRNA structure and function.
260 _aU.S.A
_bCold Spring Harbor Laboratory Press
_c1998
300 _aix,741p
_ccm.
700 _a Grunberg-Manago Marianne Ed.
_9428153
942 _hG:68, N8
_cTEXL
_2CC
999 _c744798
_d744798